[Event "XLIV Capablanca Memorial Open"]
[Site "Havana CUB"]
[Date "2009.06.08"]
[Round "1"]
[White "Perez,Je"]
[Black "Pecorelli Garcia,H"]
[Result "0-1"]
[WhiteElo "2080"]
[BlackElo "2399"]

1.e4 e6 2.d4 d5 3.Nd2 Nc6 4.Ngf3 Nf6 5.e5 Nd7 6.Nb3 a5 7.a4 Be7 8.Bb5 Ncb8
9.Bd2 b6 10.O-O O-O 11.Ne1 c6 12.Be2 Ba6 13.c3 c5 14.f4 f5 15.Be3 Qc8 16.Nf3 Nc6
17.Qe1 Rb8 18.Qf2 Bxe2 19.Qxe2 c4 20.Nbd2 Na7 21.Rfc1 b5 22.axb5 Rxb5 23.Rcb1 Qb7
24.Nf1 Nc6 25.Bc1 Ra8 26.Qc2 Nb6 27.h3 a4 28.g4 Rf8 29.Be3 g6 30.Re1 Nd7
31.Re2 Nb6 32.Rg2 Kf7 33.gxf5 exf5 34.h4 Nd8 35.h5 Ne6 36.hxg6+ hxg6 37.Ng3 Ke8
38.Nh1 Rg8 39.Ng3 Rg7 40.Bc1 Kd7 41.Nf1 Ra5 42.Qf2 Ra8 43.Nh4 Rh8 44.Nf3 Qc8
45.Ng3 Rgh7 46.Kf1 Bh4 47.Ke2 Qc6 48.Qg1 Bxg3 49.Rxg3 Rh1 50.Qe3 g5 51.Nxg5 R8h2+  0-1

[Event "XLIV Capablanca Memorial Open"]
[Site "Havana CUB"]
[Date "2009.06.10"]
[Round "3"]
[White "Pazos,M"]
[Black "Prasca Sosa,R"]
[Result "1/2-1/2"]
[WhiteElo "1973"]
[BlackElo "2415"]

1.e4 e6 2.d4 d5 3.Nd2 Be7 4.Bd3 c5 5.dxc5 Nf6 6.Qe2 Nc6 7.c3 Bxc5 8.Ngf3 Be7
9.O-O O-O 10.e5 Nd7 11.Nb3 Re8 12.Re1 Nf8  1/2-1/2

[Event "TCh-BUL"]
[Site "Sunny Beach BUL"]
[Date "2009.06.10"]
[Round "3"]
[White "Kolev,At1"]
[Black "Rusev,K"]
[Result "1/2-1/2"]
[WhiteElo "2573"]
[BlackElo "2498"]

1.e4 e6 2.d4 d5 3.Nd2 Be7 4.Ngf3 Nf6 5.e5 Nfd7 6.Bd3 c5 7.c3 Nc6 8.O-O a5
9.a4 g5 10.dxc5 g4 11.Nd4 Ndxe5 12.Bb5 Bxc5 13.f4 Ng6 14.Nb3 Bb6 15.f5 e5
16.fxg6 hxg6 17.Qe1 Qe7 18.Be3 exd4 19.Bxd4 Bxd4+ 20.Nxd4 Bd7 21.Qxe7+ Kxe7
22.Rae1+ Kf8 23.Rf2 Kg7 24.Rf4 Rhe8 25.Rxe8 Bxe8 26.Rxg4 Nxd4 27.Rxd4 Bxb5
28.axb5 a4 29.Rxd5 a3 30.bxa3 Rxa3 31.c4 Kf6 32.Rd4 Rc3 33.Rd7 Rxc4 34.Rxb7 Rc2
35.b6 Rb2 36.h3 Kg5 37.Rxf7 Rxb6  1/2-1/2

[Event "1st SCS GM Open"]
[Site "Bhubaneswar IND"]
[Date "2009.06.11"]
[Round "6"]
[White "Zubarev,Al1"]
[Black "Palit,S"]
[Result "1-0"]
[WhiteElo "2566"]
[BlackElo "2392"]

1.e4 e6 2.d4 d5 3.Nd2 Nc6 4.Ngf3 Nf6 5.e5 Nd7 6.Be2 f6 7.exf6 Nxf6 8.O-O Bd6
9.b3 O-O 10.Bb2 Bf4 11.Re1 Ne4 12.Nf1 Bd7 13.Bd3 Ng5 14.Ne5 Nxe5 15.dxe5 Bc6
16.Bd4 Ne4 17.f3 Ng5 18.h4 Nf7 19.g3 Bh6 20.Nh2 g6 21.Ng4 Bg7 22.f4 Nh6 23.Nxh6+ Bxh6
24.Qg4 Qe7 25.c3 Kh8 26.b4 b6 27.a4 Be8 28.b5 Bf7 29.a5 Rfc8 30.Ra2 Bf8 31.Rea1 Qe8
32.Kf2 Bc5 33.Ke3 Qf8 34.Ra4 Rab8 35.axb6 axb6 36.Ra7 Ra8 37.Qe2 Rxa7 38.Rxa7 Bxd4+
39.cxd4 Qb4 40.Qd2 Qxd2+ 41.Kxd2 h5 42.Ke3 Kg7 43.Kf3 Be8 44.Ke2 Bd7 45.Ra1 Be8
46.Ke3 Kh6 47.Rc1 Kg7 48.Kf3 Kh6 49.Rc2 Bd7 50.Bf1 Be8 51.Bh3 Bd7 52.g4 hxg4+
53.Bxg4 Kg7 54.Rg2 Ra8 55.f5 exf5 56.Bh5 Be8 57.Bxg6 Ra3+ 58.Kf4 Bxg6 59.h5 Rd3
60.Rxg6+ Kf7 61.e6+ Ke7 62.Ke5 Re3+ 63.Kxd5 f4 64.Rg7+ Kf6 65.Rxc7 f3 66.Rf7+ Kg5
67.e7 Kxh5 68.Kd6 Kg4 69.Kd7  1-0

[Event "TCh-BUL"]
[Site "Sunny Beach BUL"]
[Date "2009.06.11"]
[Round "4"]
[White "Marholev,D"]
[Black "Mladenov,P"]
[Result "1/2-1/2"]
[WhiteElo "2396"]
[BlackElo "2364"]

1.e4 e6 2.d4 d5 3.Nd2 Be7 4.Bd3 c5 5.dxc5 Nf6 6.exd5 Qxd5 7.Ngf3 Nbd7 8.Nb3 Nxc5
9.Nxc5 Qxc5 10.O-O O-O 11.Qe2 b6 12.Be3 Qc7 13.Bd4 Bb7 14.Ne5 Rad8 15.c3 Bc5
16.Bxc5 Qxc5 17.Rad1 Rd5 18.Rfe1 Rfd8 19.Bc4 Rxd1 20.Rxd1 Rxd1+ 21.Qxd1 Nd5
22.Bxd5 Qxd5 23.Qxd5 Bxd5 24.c4 Be4 25.f3 Bb7 26.b4 Kf8 27.Kf2 Ke7 28.Ke3 f6
29.Nd3 e5 30.a3 Kd6 31.g3 Ba6 32.Nb2 Bc8 33.f4 exf4+ 34.gxf4 g5 35.fxg5 fxg5
36.Kd4 h5 37.Nd3 h4 38.c5+ bxc5+ 39.Nxc5 g4 40.Ke4 Kc6 41.a4 Kb6 42.Kf4 a5
43.Nd3 axb4 44.Nxb4 g3 45.hxg3 h3 46.Nd3 h2 47.Nf2 Ka5 48.g4  1/2-1/2

[Event "XLIV Capablanca Memorial Open"]
[Site "Havana CUB"]
[Date "2009.06.12"]
[Round "5"]
[White "Quesada Perez,Y"]
[Black "Alarcon,Rol"]
[Result "1-0"]
[WhiteElo "2402"]
[BlackElo "2367"]

1.e4 e6 2.d4 d5 3.Nd2 Be7 4.Ngf3 Nf6 5.e5 Nfd7 6.Bd3 c5 7.c3 Nc6 8.O-O g5
9.b3 cxd4 10.cxd4 Qb6 11.Bb2 h5 12.a4 a5 13.Bb5 g4 14.Ne1 Nxd4 15.Nc4 dxc4
16.Bxd4 Bc5 17.Bxc5 Qxc5 18.bxc4 Qxe5 19.Nd3 Qd4 20.Qe2 O-O 21.Rad1 Nc5 22.Rfe1 b6
23.Bc6 Ra7 24.Ne5 Qf4 25.f3 g3 26.hxg3 Qxg3 27.Nd3 Rc7 28.Nxc5 bxc5 29.Be4 f5
30.Bc2 Rg7 31.Rd2 h4 32.Qe5 Qg5 33.Ree2 h3 34.Kh2 Bb7 35.Rf2 Kh8 36.Rd7 Rg8
37.Rxg7 Rxg7 38.g3 Bxf3 39.Rxf3 Qd2+ 40.Kxh3 Qxc2 41.Rf4 Qd1 42.Rh4+ Kg8
43.Qxe6+ Rf7 44.Qc8+ Rf8 45.Rh8+ Kxh8 46.Qxf8+ Kh7 47.Qxf5+ Kg7 48.Qg4+  1-0

[Event "1st SCS GM Open"]
[Site "Bhubaneswar IND"]
[Date "2009.06.14"]
[Round "10"]
[White "Adhiban,B"]
[Black "Kuzubov,Y"]
[Result "0-1"]
[WhiteElo "2483"]
[BlackElo "2632"]

1.e4 e6 2.d4 d5 3.Nd2 Nc6 4.Ngf3 Nf6 5.e5 Nd7 6.Be2 f6 7.exf6 Qxf6 8.Nf1 Bd6
9.Ne3 O-O 10.O-O Qg6 11.c4 Nf6 12.c5 Be7 13.h3 Bd7 14.Bb5 b6 15.b4 Qe8 16.Bxc6 Bxc6
17.Ne5 Ba4 18.Qe2 Bb5 19.Qd1 Bxf1 20.Qxf1 a5 21.cxb6 cxb6 22.b5 Bd6 23.a4 Bxe5
24.dxe5 Ne4 25.f3 Rc8 26.Bb2 Qg6 27.Rd1 Qg5 28.Bd4 Nc5 29.Qf2 Nxa4 30.h4 Qg6
31.Ng4 h5 32.Ne3 Nc3 33.Ra1 Nxb5 34.Bxb6 d4 35.Nf1 Rc2 36.Qg3 Qxg3 37.Nxg3 d3
38.Rd1 d2 39.Nf1 a4  0-1

[Event "Open"]
[Site "Teplice CZE"]
[Date "2009.06.14"]
[Round "2"]
[White "Volek,R"]
[Black "Balin,J"]
[Result "0-1"]
[WhiteElo "2035"]
[BlackElo "2287"]

1.e4 e6 2.d4 d5 3.Nd2 Nc6 4.Ngf3 Nf6 5.e5 Nd7 6.Bd3 f6 7.Ng5 Ndxe5 8.dxe5 fxg5
9.Qh5+ Kd7 10.Nf3 g6 11.Qh3 Be7 12.a3 h5 13.g4 Qg8 14.b4 Qg7 15.Bb2 Nd8 16.c4 c6
17.O-O-O Qf7 18.Rd2 a6 19.Rg1 Rf8 20.Be2 h4 21.Bd4 a5 22.c5 axb4 23.axb4 Qf4
24.Ne1 b5 25.Rg2 Ra4 26.Qc3 Bb7 27.Bd1 Ra6 28.Be3 Qc4 29.Qxc4 bxc4 30.Kb1 Nf7
31.Bd4 Rh8 32.f3 Bf8 33.Rge2 Ra3 34.Ra2 Rxa2 35.Kxa2 c3 36.Re3  0-1

[Event "13th Open"]
[Site "Voronezh RUS"]
[Date "2009.06.14"]
[Round "3"]
[White "Zernyshkin,V"]
[Black "Aitbayev,A"]
[Result "1-0"]
[WhiteElo "2231"]
[BlackElo "2387"]

1.e4 e6 2.d4 d5 3.Nd2 Be7 4.Ngf3 Nf6 5.Bd3 c5 6.exd5 Qxd5 7.dxc5 Nbd7 8.b4 a5
9.Bc4 Qc6 10.c3 b6 11.O-O bxc5 12.b5 Qc7 13.Re1 Bb7 14.Bf1 O-O 15.c4 Rfd8
16.Bb2 Nb6 17.Qe2 Na4 18.Be5 Bd6 19.g3 Bxe5 20.Nxe5 Rd4 21.Bg2 Nc3 22.Qe3 Nce4
23.Ndf3 Rad8 24.b6 Qb8 25.Qa3 R4d6 26.Qxa5 g5 27.h3 h6 28.Rab1 Qa8 29.Qxa8 Rxa8
30.Rb2 Nc3 31.Nxf7 Kxf7 32.Ne5+ Ke7 33.Bxb7 Rxa2 34.Rxa2 Nxa2 35.Bc6 Nb4
36.b7 Rd8 37.Ra1  1-0

[Event "III Ruy Lopez"]
[Site "Zafra ESP"]
[Date "2009.06.14"]
[Round "2"]
[White "Adams,Mi"]
[Black "Caruana,F"]
[Result "1-0"]
[WhiteElo "2703"]
[BlackElo "2649"]

1.e4 e6 2.d4 d5 3.Nd2 Be7 4.Ngf3 Nf6 5.e5 Nfd7 6.c3 c5 7.Bd3 Nc6 8.O-O a5
9.a4 cxd4 10.cxd4 Nb4 11.Bb5 O-O 12.Nb1 Nb6 13.Nc3 Bd7 14.b3 Rc8 15.Bd2 Bxb5
16.axb5 Nd7 17.Qe2 Rc7 18.Rfc1 Qa8 19.g3 Rfc8 20.h4 Qa7 21.Kg2 Nf8 22.Qf1 Nd7
23.Na4 b6 24.Rxc7 Rxc7 25.Rc1 Qb7 26.Kh2 Qc8 27.Rxc7 Qxc7 28.Nc3 Qc8 29.Qe2 Qc7
30.Ne1 Nf8 31.Kg2 Nd7 32.Kf1 Nf8 33.Na4 Nd7 34.Bc3 Kf8 35.Ng2 Ke8 36.Nf4 g6
37.Ke1 Kd8 38.Kd1 Kc8 39.Nh3 h6 40.h5 g5 41.Ng1 Kb7 42.Nf3 Qc8 43.g4 Ka7
44.Ne1 Kb7 45.f3 Nf8 46.Nd3 Nxd3 47.Qxd3 f5 48.exf6 Bxf6 49.Be1 Qc7 50.Nc3 Be7
51.Ne2 Bd6 52.Bd2 Qf7 53.Ke1 Nd7 54.Kf2 Nf6 55.Kg2 Bc7 56.Be1 Kc8 57.b4 axb4
58.Bxb4 Qd7 59.Bf8 Qd8 60.Bxh6 Qd6 61.Kf1 e5 62.Qf5+ Nd7 63.Bg7 e4 64.fxe4 dxe4
65.h6 Qe7 66.Qg6 Nf8 67.Bxf8 Qxf8+ 68.Qf5+  1-0

[Event "XXVII Open A"]
[Site "Balatonlelle HUN"]
[Date "2009.06.15"]
[Round "3"]
[White "Straubinger,D"]
[Black "Birnboim,N"]
[Result "0-1"]
[WhiteElo "2214"]
[BlackElo "2319"]

1.e4 e6 2.d4 d5 3.Nd2 Nc6 4.Ngf3 Nf6 5.e5 Nd7 6.Bd3 Nb4 7.Be2 c5 8.c3 Nc6
9.O-O f6 10.exf6 Nxf6 11.Ne5 Bd6 12.f4 O-O 13.Ndf3 Qb6 14.Kh1 cxd4 15.cxd4 Ne4
16.Rb1 Bxe5 17.fxe5 Bd7 18.Be3 Rac8 19.a3 Ne7 20.Nd2 Rxf1+ 21.Nxf1 Nf5 22.Bg1 Bb5
23.Bg4 Rf8 24.Bxf5 Rxf5 25.Qc2 Qa6 26.Rc1 Bxf1  0-1

[Event "13th Master Open"]
[Site "Voronezh RUS"]
[Date "2009.06.16"]
[Round "5"]
[White "Ajrapetian,G"]
[Black "Provotorov,I"]
[Result "1/2-1/2"]
[WhiteElo "2366"]
[BlackElo "2408"]

1.e4 e6 2.d4 d5 3.Nd2 a6 4.Bd3 c5 5.dxc5 Nf6 6.Qe2 Bxc5 7.Ngf3 Nc6 8.a3 b6
9.O-O Bb7 10.e5 Nd7 11.b4 Be7 12.Nb3 Qc7 13.Re1 b5 14.h4 Nb6 15.h5 h6 16.Bf4 Nc4
17.Nfd4 Bg5 18.Bxg5 hxg5 19.Nxc6 Bxc6 20.Bxc4 dxc4 21.Nc5 Bd5 22.Qg4 Qe7
23.a4 bxa4 24.Rxa4 O-O 25.Rea1 f5 26.exf6 Qxf6 27.Qe2 Ra7 28.Rxa6 Raf7 29.Rf1 Qf5
30.Ra3 Rb8 31.Re3 Rxb4 32.Nxe6 c3 33.Re5 Re4 34.Rxf5 Rxe2 35.Rxd5 Rxe6 36.Rc5 g4
37.Rxc3 Rf5 38.Rg3 Re4 39.Rd1 Rxh5 40.c3 Kh7 41.Rgd3 Rc4 42.Re3 Rhc5 43.Rdd3 Ra4
44.Rd4 Ra1+ 45.Kh2 Rc1 46.Rdd3 Rc2 47.Kg3 Rc4 48.Rd4 R2xc3 49.Rxg4 Rxg4+
50.Kxg4 Rc2 51.Kg3 Kg6 52.Re5 Kf6 53.f4 g6 54.Rb5 Ra2 55.Kf3 Ra3+ 56.Kg4 Ra6  1/2-1/2

[Event "XLIV Capablanca Memorial Open"]
[Site "Havana CUB"]
[Date "2009.06.17"]
[Round "9"]
[White "Ortiz,Na"]
[Black "Pazos,M"]
[Result "1/2-1/2"]
[WhiteElo "2248"]
[BlackElo "1973"]

1.e4 e6 2.d4 d5 3.Nd2 Nc6 4.Ngf3 Nf6 5.e5 Nd7 6.c3 f6 7.exf6 Qxf6 8.Bb5 Bd6
9.O-O O-O 10.Nb3 e5 11.dxe5 Ndxe5 12.Be2 Ne7 13.Nbd4 c6 14.Bg5 Qf7 15.Nxe5 Bxe5
16.Bh5 g6 17.Bg4 Nf5 18.Nxf5 Bxf5 19.Bh4 Qc7 20.Bg3 Rae8 21.Bxe5 Rxe5 22.Bxf5 Rexf5
23.Qd2 Re8 24.Rfe1 Rfe5 25.Kf1 Qb6 26.Rxe5 Rxe5 27.Re1 Qb5+ 28.Re2 c5 29.Ke1 Rxe2+
30.Qxe2 Qd7 31.Qe5 a6 32.h4 Kf7 33.Kd2 b5 34.h5 gxh5 35.Qxh5+ Kg7 36.Qg5+ Kf7
37.Qh5+ Kg7  1/2-1/2

[Event "XLIV Capablanca Memorial Premier"]
[Site "Havana CUB"]
[Date "2009.06.17"]
[Round "10"]
[White "Hernandez Carmenates,Hold"]
[Black "Potkin,V"]
[Result "1-0"]
[WhiteElo "2573"]
[BlackElo "2621"]

1.e4 e6 2.d4 d5 3.Nd2 a6 4.Bd3 c5 5.dxc5 Bxc5 6.Ngf3 Nc6 7.O-O Nge7 8.e5 Ng6
9.Nb3 Ba7 10.Re1 Bb8 11.Bxg6 hxg6 12.Qd3 Rh5 13.Bf4 g5 14.g4 gxf4 15.gxh5 Nxe5
16.Qc3 Nxf3+ 17.Qxf3 Qg5+ 18.Kh1 Bd7 19.Rad1 Be5 20.c4 d4 21.Qxb7 Rc8 22.f3 Qxh5
23.Nxd4 Rb8 24.Qe4 Rxb2 25.Re2 Rxe2 26.Nxe2 Bc7 27.Nd4 Qc5 28.Nb3 Qf2 29.Nd4 Qxa2
30.Nxe6 fxe6 31.Qg6+ Kf8 32.Rxd7 Qa1+ 33.Kg2  1-0

[Event "XLIV Capablanca Memorial Elite"]
[Site "Havana CUB"]
[Date "2009.06.18"]
[Round "6"]
[White "Meier,Geo"]
[Black "Khenkin,I"]
[Result "1/2-1/2"]
[WhiteElo "2641"]
[BlackElo "2630"]

1.e4 e6 2.d4 d5 3.Nd2 a6 4.Ngf3 c5 5.exd5 exd5 6.dxc5 Bxc5 7.Nb3 Bd6 8.Bg5 Ne7
9.Be2 Nbc6 10.O-O O-O 11.Bh4 Bf5 12.Bg3  1/2-1/2

[Event "Oceania Zonal"]
[Site "Gold Coast AUS"]
[Date "2009.06.21"]
[Round "3"]
[White "Garbett,P"]
[Black "Smerdon,D"]
[Result "0-1"]
[WhiteElo "2319"]
[BlackElo "2489"]

1.e4 e6 2.d4 d5 3.Nd2 Be7 4.Ngf3 Nf6 5.e5 Nfd7 6.c3 c5 7.Bd3 Nc6 8.O-O a5
9.Re1 cxd4 10.cxd4 g5 11.Nb1 g4 12.Nfd2 h5 13.Nc3 Nxd4 14.Qa4 Nc6 15.Nb3 d4
16.Nxd4 Nc5 17.Nxc6 bxc6  0-1

[Event "CIQ"]
[Site "Montreal CAN"]
[Date "2009.06.23"]
[Round "5"]
[White "Sambuev,B"]
[Black "Leveille,F"]
[Result "1/2-1/2"]
[WhiteElo "2498"]
[BlackElo "2261"]

1.e4 e6 2.d4 d5 3.Nd2 a6 4.e5 c5 5.Ngf3 Nc6 6.c3 Bd7 7.dxc5 Bxc5 8.Bd3 Nge7
9.Nb3 Ba7 10.Bf4 Rc8 11.O-O Ng6 12.Bg3 O-O 13.Qb1 Be8 14.h4 f5 15.h5 f4 16.hxg6 fxg3
17.Nfd4 gxf2+ 18.Rxf2 Rxf2 19.Kxf2 Nxe5 20.gxh7+ Kh8 21.Be2 Qh4+ 22.Kg1 Nc4
23.Qd3 Qxh7 24.Qxh7+ Kxh7 25.Bg4 Nxb2 26.Bxe6 Rxc3 27.Bxd5 Kh6 28.Kh1 Bxd4
29.Nxd4 Rd3 30.Nf5+ Kg5 31.Be4 Rd1+ 32.Rxd1 Nxd1 33.Nxg7 Nf2+ 34.Kg1 Nxe4
35.Nxe8 Kf4 36.Kf1 Ke3 37.Ke1 Nc3 38.g4 Kf4 39.Kd2 Nxa2 40.Kd3 Kxg4 41.Kc4 b5+
42.Kb3 Nc1+ 43.Kc2 Ne2  1/2-1/2

[Event "zt 2.3"]
[Site "San Jose CRC"]
[Date "2009.06.23"]
[Round "7"]
[White "Prasca Sosa,R"]
[Black "Sanchez Enriquez,O"]
[Result "1/2-1/2"]
[WhiteElo "2415"]
[BlackElo "2282"]

1.e4 e6 2.d4 d5 3.Nd2 Nc6 4.Ngf3 Nf6 5.e5 Nd7 6.Nb3 Be7 7.Bf4 a5 8.a4 O-O
9.c3 f6 10.Bg3 fxe5 11.dxe5 Rxf3 12.Qxf3 Ndxe5 13.Qe3 Bf6 14.Rd1 Ng4 15.Qd2 Ne7
16.f4 Nf5 17.Bd3 Nge3 18.Bxf5 Nxf5 19.Bf2 b6 20.O-O c5 21.Qc2 Ba6 22.Rfe1 Qd6
23.Nd2 h5 24.Ne4 Qe7 25.Nxf6+ Qxf6 26.Re5 Rd8 27.Rde1 Rd6 28.Qd1 h4 29.Qh5 Qf7
30.Qg4 Qf6 31.Qf3 Bc4 32.g4 hxg3 33.hxg3 d4 34.g4 Nh4 35.Qe4 Ng6 36.Bg3 Bd5
37.Rxd5 exd5 38.Qe8+ Nf8 39.g5 Qf5 40.Qe5 Qxe5 41.Rxe5 dxc3 42.bxc3 d4 43.cxd4 cxd4
44.Kf2 Nd7 45.Re1 Nc5 46.Kf3 d3 47.f5 d2 48.Re8+ Kf7 49.Rf8+ Kxf8 50.Bxd6+ Kf7
51.Ke2 Nxa4 52.Kxd2 b5 53.Be5 g6 54.fxg6+ Kxg6 55.Bc7 Nc5 56.Bxa5 Nb3+ 57.Kc3 Nxa5
58.Kb4 Kxg5 59.Kxa5  1/2-1/2

[Event "Open"]
[Site "Albena BUL"]
[Date "2009.06.25"]
[Round "6"]
[White "Antal,Ge"]
[Black "Iotov,V"]
[Result "1/2-1/2"]
[WhiteElo "2490"]
[BlackElo "2581"]

1.e4 e6 2.d4 d5 3.Nd2 Be7 4.Ngf3 Nf6 5.Bd3 c5 6.exd5 Nxd5 7.O-O O-O 8.dxc5 Nd7
9.Nb3 a5 10.a4 Nxc5 11.Nxc5 Bxc5 12.Ng5 h6 13.Ne4 Be7 14.Bc4 Nf6 15.Nxf6+ Bxf6
16.Qxd8 Rxd8 17.c3 Bd7 18.Be3 Bc6 19.f3 Rdc8 20.Bb5 Bxb5 21.axb5 a4 22.Rfd1 Ra5
23.b6 a3 24.Rxa3 Rxa3 25.bxa3 Rxc3 26.Kf2 Rxa3 27.Rd7 Ra2+ 28.Kf1 Ra1+ 29.Kf2 Ra2+
30.Kg3 Ra3 31.Bf2 Be5+ 32.Kh3 Ra2 33.Bg3 Bxg3 34.Kxg3 Rb2 35.Rxb7 g5 36.h4 gxh4+
37.Kh3 Kg7 38.Rb8 Rb4 39.b7 Kf6 40.Rh8  1/2-1/2

[Event "5th Open"]
[Site "Sort ESP"]
[Date "2009.06.26"]
[Round "3"]
[White "Kulkarni,C"]
[Black "Teske,H"]
[Result "0-1"]
[WhiteElo "2257"]
[BlackElo "2523"]

1.e4 e6 2.d4 d5 3.Nd2 Be7 4.Bd3 c5 5.dxc5 Nf6 6.exd5 Qxd5 7.Ngf3 Nbd7 8.O-O Nxc5
9.Bb5+ Bd7 10.Bxd7+ Ncxd7 11.Nb3 Rc8 12.c3 O-O 13.Bf4 Rfd8 14.Qe2 Nb6 15.Ne5 Qe4
16.Qxe4 Nxe4 17.Rfe1 Nd6 18.Rad1 Na4 19.Bc1 f6 20.Nd3 Kf7 21.f4 Nb5 22.Be3 Rc7
23.Nd4 Nxd4 24.Bxd4 b5 25.a3 a5 26.Ra1 h6 27.Re2 Rc6 28.Kf2 Rd5 29.g4 Nb6
30.Rae1 b4 31.axb4 axb4 32.Ra1 Nc8 33.Ra4 bxc3 34.bxc3 Rb5 35.Raa2 Nd6 36.Ra7 Rb7
37.Rxb7 Nxb7 38.h4 Nd6 39.Rc2 Nb5 40.Ke3 Rc4 41.Rc1 Bd6 42.Rb1 Nxc3 43.Rb7+ Kf8
44.Bxc3 Rxc3 45.Rd7 Be7 46.h5 Ra3 47.Rb7 Ra1 48.Kf3 Ra3 49.Ke2 Ra5 50.Kf3 Rd5
51.Ke4 Rd8 52.Ke3 Ke8 53.Ke4 Ra8 54.Ke3 Ra5 55.Rb8+ Kf7 56.Rb7 Ra3 57.Ke2 Ra1
58.Kf3 Rf1+ 59.Ke2 Rh1 60.Nf2 Rg1 61.Kf3 f5 62.gxf5 exf5 63.Nd3 Ke6 64.Ne5 Bf6
65.Rb6+ Ke7 66.Ng6+ Kf7 67.Rb5 Ke6 68.Rb6+ Kd5 69.Rb5+ Kd4 70.Rxf5 Rf1+ 71.Ke2 Rh1
72.Rb5 Ke4 73.Kf2 Bd4+ 74.Kg2 Rg1+ 75.Kh2 Rd1 76.Kg3 Rg1+ 77.Kh2 Kf3 78.Rd5 Rd1
79.Rb5 Kg4 80.Ra5 Rd2+ 81.Kh1 Re2 82.f5 Kg3  0-1

[Event "XVII Open"]
[Site "Montcada i Reixac ESP"]
[Date "2009.06.27"]
[Round "2"]
[White "Chalmeta Ugas,R"]
[Black "Libiszewski,F"]
[Result "0-1"]
[WhiteElo "2211"]
[BlackElo "2505"]

1.e4 e6 2.d4 d5 3.Nd2 a6 4.Bd3 c5 5.c3 cxd4 6.cxd4 dxe4 7.Nxe4 Bb4+ 8.Nc3 Nc6
9.Nf3 Nf6 10.O-O O-O 11.Bg5 Be7 12.Re1 Nb4 13.Bf1 b6 14.a3 Nbd5 15.Rc1 Nxc3
16.bxc3 Bxa3 17.Rb1 Be7 18.Ne5 Bb7 19.Qb3 b5 20.Bxf6 Bxf6 21.c4 Qxd4 22.Rbd1 Qf4
23.Nd7 Rfd8 24.Nxf6+ Qxf6 25.cxb5 axb5 26.Qxb5 Bd5 27.Qb6 Ra4 28.Ra1 Rg4
29.Ra3 h5 30.Rg3 Rf4 31.h3 Ra8 32.Be2 Ra2 33.Qb8+ Kh7 34.Qb1+ g6 35.Bf3 Rb2
36.Qd1 h4 37.Rg4 Bxf3 38.Rxf4 Qxf4 39.Qxf3 Qxf3 40.gxf3 Rb4 41.Kg2 Kh6 42.Re5 Kg7
43.Ra5 Kf6 44.Rc5 Rf4 45.Ra5 Rf5 46.Ra4 Kg5 47.Rg4+ Kh5 48.Ra4 Rg5+ 49.Kh2 Rb5
50.Kg2 Rg5+ 51.Kh2 Rf5 52.Kg2 g5 53.Rb4 Kg6 54.Ra4 Rf4 55.Ra8 Rd4 56.Ra5 Rd5
57.Ra4 Kf5 58.Rb4 Ra5 59.Re4 Rc5 60.Ra4 f6 61.Re4 Rb5 62.Ra4 Ke5 63.Re4+ Kd5
64.Ra4 Ke5 65.Re4+ Kf5 66.Ra4 Rd5 67.Re4 Rc5 68.Ra4 Ke5 69.Re4+ Kd5 70.Ra4 Rc4
71.Ra6 Ke5 72.Ra5+ Kf4 73.Ra6 Kf5 74.Ra5+ e5 75.Ra6 Rc8 76.Rb6 Re8 77.Ra6 Re6
78.Ra4 Kg6 79.Rb4 Rd6 80.Ra4 f5 81.Rb4 Kf6 82.Ra4 Re6 83.Rb4 e4 84.fxe4 Rxe4
85.Rb5 Ke6 86.Ra5 Rd4 87.Rb5 Rd5 88.Rb3 Ke5 89.Re3+ Kf6 90.Ra3 g4 91.Rb3 Kg5
92.Ra3 Re5 93.Rb3 Re2 94.hxg4 fxg4 95.Rb5+ Kf4 96.Rb4+ Re4 97.Rb8 h3+ 98.Kf1 Ra4
99.Rb1 Ra3 100.Kg1 Kf3 101.Rc1 Rd3 102.Ra1 Ke2 103.Ra4 Rd1+ 104.Kh2 Kf3 105.Ra3+ Kxf2
106.Ra2+ Ke3 107.Ra3+ Rd3 108.Ra8 Rd2+ 109.Kh1 Kf3 110.Ra3+ Kf4 111.Ra8 Re2
112.Rb8 Kf3 113.Rf8+ Kg3 114.Rf1 Re4 115.Ra1 Kh4 116.Rb1 g3 117.Ra1 Kg4 118.Rb1 h2
119.Kg2 Re2+ 120.Kh1 Kh3  0-1

[Event "XVII Open"]
[Site "Montcada i Reixac ESP"]
[Date "2009.06.27"]
[Round "2"]
[White "Mestre Bellido,H"]
[Black "Cornette,M"]
[Result "0-1"]
[WhiteElo "2279"]
[BlackElo "2573"]

1.e4 e6 2.d4 d5 3.Nd2 a6 4.Ngf3 Nf6 5.Bd3 c5 6.e5 Nfd7 7.O-O Nc6 8.Re1 Be7
9.dxc5 Nxc5 10.Nb3 Nxd3 11.cxd3 O-O 12.Be3 f5 13.Rc1 Bd7 14.Bc5 a5 15.Qd2 b6
16.Bxe7 Qxe7 17.Nbd4 Nb4 18.b3 Rfc8 19.Rb1 Na6 20.Qb2 Ra7 21.a3 Nc5 22.Qd2 Rac7
23.h3 h6 24.Rec1 g5 25.b4 axb4 26.axb4 Na4 27.Rxc7 Rxc7 28.Ra1 b5 29.Nb3 f4
30.Rc1 Rxc1+ 31.Qxc1 Be8 32.Nfd4 Kg7  0-1

[Event "35th ch-BAN"]
[Site "Dhaka BAN"]
[Date "2009.06.30"]
[Round "2"]
[White "Mohammad,J"]
[Black "Reefat,S"]
[Result "0-1"]
[WhiteElo "2207"]
[BlackElo "2486"]

1.e4 e6 2.d4 d5 3.Nd2 a6 4.Ngf3 c5 5.exd5 exd5 6.Be2 c4 7.O-O Bd6 8.b3 cxb3
9.axb3 Nf6 10.c4 O-O 11.Ba3 Bxa3 12.Rxa3 Nc6 13.c5 Bf5 14.Ra4 Re8 15.Nh4 Ne4
16.Nxe4 Bxe4 17.g3 h6 18.Ng2 Qf6 19.Nf4 Rad8 20.Nh5 Qe7 21.Nf4 g5 22.Nh5 Bg6
23.Bd3 f5 24.g4 Bxh5 25.gxh5 Qf6 26.Bc2 Rd7 27.Kg2 Kf8 28.Qf3 f4 29.h3 Nxd4
30.Rxd4 Qxd4 31.Bf5 Rdd8 32.Rc1 Re5 33.Bg6 Rc8 34.Qg4 Rc7 35.Rc2 Ke7 36.Qf3 Rxc5
37.Re2 Rc3 38.Rxe5+ Qxe5 39.Qd1 f3+ 40.Kg1  0-1

[Event "ch-SWE"]
[Site "Kungsor SWE"]
[Date "2009.07.02"]
[Round "5"]
[White "Nithander,V"]
[Black "Brynell,S"]
[Result "1/2-1/2"]
[WhiteElo "2422"]
[BlackElo "2463"]

1.e4 e6 2.d4 d5 3.Nd2 Be7 4.Ngf3 Nf6 5.Bd3 c5 6.exd5 Qxd5 7.dxc5 Nbd7 8.Nb3 Nxc5
9.Nxc5 Qxc5 10.O-O O-O 11.a3 b6 12.b4 Qh5 13.Bb2 Bb7 14.Ne5 Qxd1  1/2-1/2

[Event "World Open"]
[Site "Philadelphia USA"]
[Date "2009.07.03"]
[Round "5"]
[White "Shankland,S"]
[Black "Shulman,Y"]
[Result "0-1"]
[WhiteElo "2446"]
[BlackElo "2632"]

1.e4 e6 2.d4 d5 3.Nd2 Be7 4.Bd3 c5 5.dxc5 Nf6 6.Ngf3 dxe4 7.Nxe4 Nxe4 8.Bxe4 Qxd1+
9.Kxd1 Bxc5 10.Be3 Bxe3 11.fxe3 Nd7 12.Nd4 Ke7 13.c4 Nc5 14.Bf3 e5 15.Nb5 Be6
16.Bd5 Rad8 17.Ke2 Bxd5 18.cxd5 Rxd5 19.Rhd1 Rxd1 20.Rxd1 Ne6 21.Rd5 a6 22.Nd6 g6
23.Nc4 f6 24.Na5 Rd8 25.Rxd8 Nxd8 26.Kd3 b6 27.Nc4 b5 28.Nd2 f5 29.b4 Kd6
30.Nb3 Ne6 31.g3 Kd5 32.Nd2 e4+ 33.Ke2 g5 34.h4 gxh4 35.gxh4 f4  0-1

[Event "Helmut Kohls IM"]
[Site "Dortmund GER"]
[Date "2009.07.04"]
[Round "2"]
[White "Zelbel,P"]
[Black "Trella,T"]
[Result "0-1"]
[WhiteElo "2348"]
[BlackElo "2371"]

1.e4 e6 2.d4 d5 3.Nd2 Be7 4.Bd3 c5 5.dxc5 Nd7 6.Nb3 Nxc5 7.Nxc5 Bxc5 8.Qe2 dxe4
9.Bxe4 Nf6 10.Nf3 Nxe4 11.Qxe4 Qd5 12.Qxd5 exd5 13.c3 Bg4 14.Nd4 Bxd4 15.cxd4 Rc8
16.h3 Bf5 17.Bd2 Rc2 18.Bc3 Bd3 19.Rd1 Be2 20.Rb1 Kd7 21.Bd2 Re8 22.Be3 Bd3
23.Kd1 Rxf2 24.Bxf2 Bxb1 25.a3 Be4 26.Rh2 Rc8 27.g3 Bc2+ 28.Ke1 Kc6 29.Be3 Kb5
30.Rf2 Bg6 31.Kd2 Ka4 32.Kd1 Kb3 33.Bc1 f6 34.Rf3+ Ka2 35.Rf2 Kb1 36.Bf4 Bc2+
37.Kd2 Kxb2 38.Bd6 Be4 39.h4 h5 40.Ke3+ Kb3 41.Kf4 Kc3 42.Ke3 Re8 43.Bb4+ Kc4
44.Rd2 Bd3+ 45.Kf2 Kxd4  0-1

[Event "37th Greek Teams"]
[Site "Kallithea GRE"]
[Date "2009.07.04"]
[Round "1"]
[White "Habesis,P"]
[Black "Hristodoulou,P"]
[Result "1-0"]
[WhiteElo "1740"]
[BlackElo "2125"]

1.e4 e6 2.d4 d5 3.Nd2 a6 4.c3 c5 5.exd5 Qxd5 6.Ngf3 Nc6 7.Bc4 Qf5 8.O-O cxd4
9.cxd4 Nf6 10.Re1 Be7 11.Nb3 O-O 12.Bd3 Qd5 13.a3 Rd8 14.Bd2 b6 15.Rc1 Bb7
16.Bc4 Qd6 17.Bc3 Nd5 18.Nbd2 Nxc3 19.bxc3 Qxa3 20.Bd3 Na5 21.Ne5 g6 22.Nec4 Qa2
23.Ra1 Qxa1 24.Qxa1 Nxc4 25.Nxc4 b5 26.Na5 Bd5 27.Be4 Bxe4 28.Rxe4 Rac8 29.g3 Rd7
30.Nb3 Rdc7 31.Qxa6 Rxc3 32.Qxb5 R3c7 33.d5 exd5 34.Qxd5 Bf6 35.Rf4 Kg7 36.g4 h6
37.Ra4 Rd8 38.Qb5 Rd1+ 39.Kg2 Rb1 40.Qd5 Re1 41.Re4 Rb1 42.Qd6 Re7 43.Rxe7 Bxe7
44.Qxe7 Rxb3 45.Qe5+ Kg8 46.h4 Rb6 47.Qf4 h5 48.Qg5 Kh7 49.gxh5 gxh5 50.Qxh5+ Kg7
51.Qe5+ Kg8 52.h5 Re6 53.Qg5+ Kh7 54.Kg3 Rh6 55.Kg4 Re6 56.Qf5+ Kg7 57.Qxe6 fxe6
58.Kg5 e5 59.f3 Kh7 60.Kf5 Kh6 61.Kxe5 Kxh5 62.f4 Kg6 63.Ke6  1-0

[Event "37th Greek Teams"]
[Site "Kallithea GRE"]
[Date "2009.07.05"]
[Round "2"]
[White "Pavlidis,Ant"]
[Black "Delithanasis,D"]
[Result "1-0"]
[WhiteElo "2360"]
[BlackElo "2267"]

1.e4 e6 2.d4 d5 3.Nd2 a6 4.Ngf3 c5 5.Bd3 Nc6 6.exd5 exd5 7.O-O c4 8.Be2 Bd6
9.a4 Nge7 10.b3 cxb3 11.c4 O-O 12.c5 Bc7 13.Nxb3 f6 14.Ne1 Nf5 15.Nc2 Be6
16.Re1 Qd7 17.Bd3 g6 18.Bb2 Rae8 19.Qd2 Ng7 20.Nb4 Ne7 21.Ba3 Qxa4 22.Reb1 Qd7
23.c6 bxc6 24.Nxa6 Bd6 25.Nbc5 Bxc5 26.Nxc5 Qd6 27.Rb7 Bc8 28.Ra7 Rf7 29.Ne4 Qe6
30.Nd6 Nef5 31.Nxf7 Bd7 32.Nh6+ Nxh6 33.Qxh6 Qg4 34.Bc5 Nh5 35.Ra8 Bc8 36.h3 Qe6
37.R1a7  1-0

[Event "37th Greek Teams"]
[Site "Kallithea GRE"]
[Date "2009.07.05"]
[Round "3"]
[White "Bunis,V"]
[Black "Pitselis,G"]
[Result "1/2-1/2"]
[WhiteElo "2259"]
[BlackElo "2120"]

1.e4 e6 2.d4 d5 3.Nd2 Be7 4.Ngf3 Nf6 5.Bd3 c5 6.exd5 Qxd5 7.dxc5 Bxc5 8.O-O O-O
9.Qe2 Nbd7 10.Ne4 Nxe4 11.Bxe4 Qh5 12.Bd3 Nf6 13.Bg5 Bd7 14.Qe5 Bxf2+ 15.Rxf2 Ng4
16.Qg3 Nxf2 17.Kxf2 f6 18.Qh4 Qxh4+ 19.Bxh4 Rac8 20.Rd1 Bc6 21.Nd4 Bd5 22.b3 e5
23.Nf5 Rc7 24.c4 Be6 25.Ne3 Rd7 26.Ke1 g6 27.Be4 Rxd1+ 28.Nxd1 Bc8 29.Bf2 a6
30.Nc3 Kg7 31.Bd5 f5 32.Bb6 h5 33.h4 g5 34.hxg5 Kg6 35.Be3 h4 36.Kf2 h3 37.gxh3 f4
38.Bc5 Rh8 39.Bg2 Bxh3 40.Bxb7 Bf5 41.Kg2 Rh3 42.Bf3 Rg3+ 43.Kf2 Bg4 44.Be4+ Bf5
45.Bf3 Bg4 46.Be4+ Bf5 47.Bf3 Bg4  1/2-1/2